| 000 | 01308nam a22003017a 4500 | ||
|---|---|---|---|
| 001 | BD-DhSAU 8750 | ||
| 003 | BD-DhSAU | ||
| 005 | 20181213115357.0 | ||
| 008 | 150612b2009 bg a|||| m||| 00| 0 eng d | ||
| 040 | _aBD-DhSAU | ||
| 082 |
_222 _a595.7 _bR8599 |
||
| 100 |
_aRukshanara, Zobiada _eRegistration no. # 03-01126 |
||
| 245 |
_aEffect of dates of sowing on the incidence of chickpea pod borer in field and pulse beetle in storage / _bMS thesis _cZobiada Rukshanara |
||
| 260 |
_aSher-e-Bangla Agricultural Uniersity : _bDepartment of Entomology, _c2009. |
||
| 300 |
_avi,73 p. : _bill. ; _c30 cm. |
||
| 500 | _aMS thesis of Department of Entomology, Faculty of Agriculture, Sher-e-Bangla Agricultural University, Dhaka, Bangladesh | ||
| 504 | _aIncludes bibliographical reference. | ||
| 590 | _aerfat | ||
| 650 | _aEntomology | ||
| 650 | _aEffect of dates of sowing | ||
| 650 | _aIncidence of chickpea pod borer | ||
| 650 | _aField and pulse beetle in storage | ||
| 650 | _aDiaphania caesalis (Walker) | ||
| 700 |
_aRahman, Md Mizanur _eSuperviser |
||
| 700 |
_a Hossain, Mohammed Sakhawat _eCo-superviser |
||
| 856 | _uhttp://archive.saulibrary.edu.bd:8080/xmlui/handle/123456789/1228 | ||
| 942 |
_2ddc _cTHESIS |
||
| 999 |
_c8750 _d8750 |
||